Normal view
MARC view
Entry Personal Name
001 - CONTROL NUMBER
- control field: 65015
003 - CONTROL NUMBER IDENTIFIER
- control field: OSt
005 - DATE AND TIME OF LATEST TRANSACTION
- control field: 20160722154349.0
008 - FIXED-LENGTH DATA ELEMENTS
- fixed length control field: 160722|| aca||aabn | a|a d
040 ## - CATALOGING SOURCE
- Original cataloging agency: OSt
- Transcribing agency: OSt
100 ## - HEADING--PERSONAL NAME
- Personal name: कौर, हरशिंदर
670 ## - SOURCE DATA FOUND
- Source citation: Work cat.: (OSt): कौर, हरशिंदर , बच्चों की मनोवैज्ञानिक समस्याऍ और उनका इलाज , 2010









